01397nas a2200397 4500001001300000003000900013005001700022007000300039008003400042040005400076041000900130072000800139100002500147100001800172100001700190100001500207100001800222100002400240100001500264100001800279245013400297246011200431650001100543650002000554650001500574650001500589650001700604650001100621650001400632650001300646773011000659909004000769942001800809999001900827952015300846BR2012009528BR-BrBNA20231205121654.0ta230509b bl.|||p| |||| 00| 00por d aBR-BrBNAbporcBiblioteca Nacional de Agricultura a(Pt) aL731 aSilva-Zacarias, F.G.1 aSpohr, K.H.A.1 aLima, B.A.C.1 aDias, J.A.1 aMüler, E.E.1 aFerreira Neto, J.S.1 aTurili, C.1 aFreitas, J.C.1 aPrevalência de anticorpos anti-Chlamydophila spp. em propriedades rurais com histórico de aborto bovino no estado do Paraná1 aPrevalence of antibodies against Chlamydophila spp. in herds with bovine abortion of Paraná state, Brazil aBOVINO aDOENÇA ANIMAL aBACTÉRIA aCLAMIDIOSE aCHLAMYDIA SP aABORTO aANTICORPO aPARANÁ0 tPesquisa Veterinária Brasileira (Brazil)xISSN 0100-736Xg(Mar 2009), v. 29(3) p. 215-219wBR2012009528 a202311bLúciac55dLúcia Elande 2AGRISn0cANA c224658d224658 002AGRIS4071a41918b41918cPeriódicos Agrícolash(Mar 2009), v. 29(3) p. 215-219l0r2023-11-29t01yCRePortaria Interministerial nº 164/94